Catálogo
Digital

Catálogo
Digital

Contabilidad Administrativa (Record no. 14051)

MARC details
000 -CABECERA
campo de control de longitud fija 01482nam a2200301 4500
003 - IDENTIFICADOR DEL NÚMERO DE CONTROL
campo de control EC-UNACH
005 - FECHA Y HORA DE LA ÚLTIMA TRANSACCIÓN
campo de control 20251021124128.0
006 - CÓDIGOS DE INFORMACIÓN DE LONGITUD FIJA--CARACTERÍSTICAS DEL MATERIAL ADICIONAL
campo de control de longitud fija s||||gr|||| 00| 00
008 - DATOS DE LONGITUD FIJA--INFORMACIÓN GENERAL
campo de control de longitud fija 150116t9999 mx r gr 000 0 spa d
020 ## - NÚMERO INTERNACIONAL ESTÁNDAR DEL LIBRO
Número Internacional Estándar del Libro 607481268-3
040 ## - FUENTE DE LA CATALOGACIÓN
Centro catalogador/agencia de origen EC-UNACH
Centro/agencia transcriptor EC-UNACH
041 ## - CÓDIGO DE LENGUA
Código de lengua del texto/banda sonora o título independiente spa
082 04 - NÚMERO DE LA CLASIFICACIÓN DECIMAL DEWEY
Número de edición 23
Número de clasificación 657
Número de documento/Ítem L017837
110 ## - ENTRADA PRINCIPAL--NOMBRE DE ENTIDAD CORPORATIVA
Nombre de entidad corporativa o nombre de jurisdicción como elemento de entrada Cosegraf
245 ## - MENCIÓN DE TÍTULO
Título Contabilidad Administrativa
250 ## - MENCIÓN DE EDICIÓN
Mención de edición Decima edición
264 ## - Producción, publicación, distribución, fabricación y copyright
Lugar de producción, publicación, distribución, fabricación Mexico
Nombre del de productor, editor, distribuidor, fabricante Cosegraf
Fecha de de producción, publicación, distribución, fabricación o copyright 2010
300 ## - DESCRIPCIÓN FÍSICA
Extensión 639
505 ## - NOTA DE CONTENIDO CON FORMATO
Nota de contenido con formato 1. Introducción a la contabilidad administrativa.2. Orden de trabajo dentro del sistema de costos.3. Sistemas de costos dentro del proceso.4. Comportamiento de los gastos y análisis de costo-volumen-ganancias.5. Costos variables.6. Elaboración de presupuestos.7. Evaluación de rendimiento en costos estándar.8. Evaluación de rendimiento en operaciones descentralizadas.9. Análisis de diferencial y precios de productos.10. Análisis del capital de inversiones.11. Los gastos asignación y actividad-based costing.12. Costos de gestión para entornos Just-in-Time.13. Declaración de flujos de efectivo.14. Financiera análisis de instrucción.<br/>
650 ## - PUNTO DE ACCESO ADICIONAL DE MATERIA--TÉRMINO DE MATERIA
Término de materia o nombre geográfico como elemento inicial Conceptos y principios de contabilidad administrativa
650 ## - PUNTO DE ACCESO ADICIONAL DE MATERIA--TÉRMINO DE MATERIA
Término de materia o nombre geográfico como elemento inicial Costeo por ordenes de producción
650 ## - PUNTO DE ACCESO ADICIONAL DE MATERIA--TÉRMINO DE MATERIA
Término de materia o nombre geográfico como elemento inicial Sistemas de costos por procesos
700 ## - PUNTO DE ACCESO ADICIONAL--NOMBRE DE PERSONA
Nombre de persona Warren Reeve Duchac
942 ## - ELEMENTOS DE PUNTO DE ACCESO ADICIONAL (KOHA)
Fuente del sistema de clasificación o colocación Clasificación Decimal Dewey
Tipo de ítem Koha Libros
999 ## - NÚMEROS DE CONTROL DE SISTEMA (KOHA)
Koha biblionumber 14051
Holdings
Estado de pérdida Fuente del sistema de clasificación o colocación Estado dañado No para préstamo Localización permanente Ubicación/localización actual Ubicación en estantería Fecha de adquisición Fuente de adquisición Número de inventario Total de préstamos Signatura topográfica completa Código de barras Fecha visto por última vez Precio válido a partir de Tipo de ítem Koha Centro de costos
  Clasificación Decimal Dewey     Biblioteca Campus Norte Biblioteca Campus Norte Facultad de Ciencias Políticas y Administrativas - Generalidades 21/10/2025 Transitoria segunda Resolución N°0311-CU-UNACH-SE-ORD-16-09-24 39932909   657 WAR L017837 L017837 21/10/2025 21/10/2025 Libros  

Powered by Koha